00597nam a2200181Ia 4500003000900000008004100009020001800050040001600068080001900084100001700103245013100120260004200251300001400293650004100307650001800348650002900366700002000395IN-BaIIA211028s9999 xx 000 0 eng d a90-277-1663-3 cIIA Library a551.510.5bLYO aLyons, L. R. 0aQuantitative aspects of magnetospheric physicscL. R. Lyons and D. J. Williams  aDordrechtbD. Reidel Publishingc1984 axv, 231p. aAstronomy and astrophysics thesaurus aMagnetosphere aMagnetospheric substroms aWilliams, D. J.